000 00475nam a2200181Ia 4500
008 100917s9999 xx 000 0 und d
082 _b49206
100 _aदुर्गेश
245 _aसूर्यपंख
260 _bवसुधा प्रकाशन
_c1980
300 _a56
365 _b7
520 _aकविता
630 _aसूर्यपंख
650 _aकविता
730 _aसूर्यपंख
942 _cBOOK
999 _c654600
_d654597